000 00723nam a2200289Ia 4500
005 20260324143204.0
008 008 260324s9999 xx 000 0 eng d
020 _a9781315820491
037 _aEBOOK
040 _aCRL
040 _beng
040 _cCRL
041 _2eng
041 _aeng
084 _qCRL
100 _aKenneth Pargament; Kenneth I Maton; Robert E Hess
_91214713
245 0 _aReligion and Prevention in Mental Health
245 0 _bResearch, Vision, and Action
260 _bTaylor and Francis
260 _c1992
365 _a
365 _b170
856 _uhttp://www.taylorfrancis.com/books/9781315820491
942 _cEBOOK
999 _c1819820
_d1819820